000 00562nam a2200193Ia 4500
003 GCL
008 140319s9999 xx 000 0 ara d
040 _aGCL /
_cGCL
082 0 4 _a155.4
_bى ك
100 1 _aيسرى عبدالمحسن
245 1 0 _aكيف تتعامل مع طفلك ? /
_cيسرى عبدالمحسن
300 _a96 ص
490 _aكتاب اليوم الطبى
_v0
650 0 4 _aالتربية
650 0 4 _aالاطفال
650 0 4 _aعلم النفس التربوى
650 0 4 _aالاباء والابناء
942 _2ddc
_cBK
999 _c50383
_d50383